Una cierta nostalgia /
Enregistré dans:
| Auteur principal: | |
|---|---|
| Format: | Livre |
| Langue: | Spanish |
| Publié: |
Tegucigalpa, Honduras:
Editorial Iberoamericana,
2010.
|
| Édition: | 2. edición |
| Sujets: | |
| Tags: |
Ajouter un tag
Pas de tags, Soyez le premier à ajouter un tag!
|
MARC
| LEADER | 00000nam a22000007a 4500 | ||
|---|---|---|---|
| 008 | 220831b |||||||| |||| 00| 0 spa d | ||
| 020 | |a 9789992676455 | ||
| 041 | |a spa | ||
| 082 | 0 | 4 | |a Ho863.4 |b R175c |
| 100 | 1 | |a Ramos, María Eugenia |e Autor/a | |
| 245 | 1 | 4 | |a Una cierta nostalgia / |c María Eugenia Ramos. |
| 250 | |a 2. edición | ||
| 260 | 1 | |a Tegucigalpa, Honduras: |b Editorial Iberoamericana, |c 2010. | |
| 300 | |a 94 páginas | ||
| 650 | |a LITERATURA HONDUREÑA |v NOVELA | ||
| 942 | |2 ddc |c BK | ||
| 999 | |c 22213 |d 22213 | ||



